000 00877nam a22002657a 4500
001 4041
003 FISKH
005 20260407081326.0
008 240603b cb ||||| |||| 00| 0 eng d
020 _a9780545235099
040 _aFISKH
_beng
_cFISKH
_dFISKH
050 _aPZ7.P52112
082 _a813
100 _aPhilbrick Rodman
_d1951-
245 _aThe mostly true adventures of homer P. Figg /
_cRodman Philbrick
260 _aNew York :
_bScholastic,
_c2010
300 _a220 pages :
_c20 cm
505 _aU
520 _aTwelve-year-old Homer, a poor but clever orphan, has extraordinary adventures after running away from his evil uncle to rescue his brother, who has been sold into service in the Civil War.
521 8 _a950
_bLexile
521 8 _aU
_bRaz-Plus
700 _aRodman Philbrick
942 _2ddc
_cBK
_n0
999 _c4041
_d4041